La soluzione salina

Salvato in:
Dettagli Bibliografici
Autore principale: Vassi Marco
Natura: Libro
Lingua:lingua imprecisata
Pubblicazione: Parma Guanda 1995
Tags: Aggiungi Tag
Nessun Tag, puoi essere il primo ad aggiungerne!!

MARC

LEADER 00000nam a2200000Ia 4500
001 109
003 NUMERAZIONE-ORIGINALE-BRESCIA
005 20260206230748.0
008 260206s9999 xx 000 0 und d
100 |a Vassi Marco 
245 0 |a La soluzione salina 
260 |a Parma 
260 |b Guanda 
260 |c 1995 
500 |a Narratori della fenice 
942 |2 ddc  |c BK  |n 0 
952 |0 0  |1 0  |2 ddc  |4 0  |6 11  |7 0  |9 28296  |a BS  |b BS  |d 2026-02-06  |i 109-2  |l 0  |o 1-1-*  |r 2026-02-06 22:40:32  |w 2026-02-06  |x [REVISIONARE]  |y BK 
952 |0 0  |1 0  |2 ddc  |4 0  |6 11  |7 0  |9 28297  |a BS  |b BS  |d 2026-02-06  |i 109-1  |l 0  |o 1-1-*  |r 2026-02-06 22:40:32  |w 2026-02-06  |x [REVISIONARE]  |y BK 
999 |c 23991  |d 23991